[Event "Kibizov Memorial 2018"]
[Site "?"]
[Date "2018.06.26"]
[Round "6.1"]
[White "Doluhanova, Evgeniya"]
[Black "Borsuk, Angela"]
[Result "1-0"]
[BlackElo "2147"]
[WhiteElo "2257"]
[LiveChessVersion "1.4.8"]

1. d4 {[%clk 1:27:51]} d6 {[%clk 1:30:56]} 2. Bf4 {[%clk 1:27:55]} Nf6
{[%clk 1:30:56]} 3. Nc3 {[%clk 1:27:26]} Bf5 {[%clk 1:30:39]} 4. f3
{[%clk 1:19:47]} d5 {[%clk 1:29:38]} 5. g4 {[%clk 1:16:06]} Be6 {[%clk 1:27:07]}
6. Nh3 {[%clk 1:14:25]} c6 {[%clk 1:27:12]} 7. Nf2 {[%clk 1:13:51]} h6
{[%clk 1:25:06]} 8. e4 {[%clk 1:08:33]} Na6 {[%clk 1:17:48]} 9. e5
{[%clk 1:05:53]} Nd7 {[%clk 1:18:05]} 10. Bxa6 {[%clk 1:06:03]} bxa6
{[%clk 1:18:34]} 11. Nd3 {[%clk 1:06:04]} g5 {[%clk 1:17:20]} 12. Be3
{[%clk 1:05:31]} Nb6 {[%clk 1:05:42]} 13. b3 {[%clk 1:03:42]} Bc8
{[%clk 1:01:47]} 14. h4 {[%clk 0:59:29]} Rg8 {[%clk 0:54:47]} 15. hxg5
{[%clk 0:57:52]} hxg5 {[%clk 0:55:09]} 16. Rh5 {[%clk 0:55:52]} e6
{[%clk 0:55:22]} 17. Qd2 {[%clk 0:55:23]} Qc7 18. Bxg5 {[%clk 0:51:38]} c5
{[%clk 0:41:56]} 19. dxc5 {[%clk 0:51:04]} Nd7 {[%clk 0:41:38]} 20. O-O-O
{[%clk 0:49:00]} Nxc5 {[%clk 0:41:03]} 21. Nxc5 {[%clk 0:47:29]} Bxc5
{[%clk 0:40:59]} 22. Ne4 {[%clk 0:45:42]} Ba3+ {[%clk 0:33:59]} 23. Kb1
{[%clk 0:45:29]} Rxg5 {[%clk 0:34:26]} 24. Nf6+ {[%clk 0:44:53]} Kd8
{[%clk 0:34:24]} 25. Rh8+ {[%clk 0:45:05]} 1-0

[Event "Kibizov Memorial 2018"]
[Site "?"]
[Date "2018.06.26"]
[Round "6.2"]
[White "Prudnikova, Svetlana"]
[Black "Simakova, Elena"]
[Result "1/2-1/2"]
[BlackElo "1953"]
[WhiteElo "2252"]
[LiveChessVersion "1.4.8"]

1. Nf3 {[%clk 1:30:58]} Nf6 {[%clk 1:30:50]} 2. c4 {[%clk 1:31:15]} c5
{[%clk 1:30:36]} 3. Nc3 {[%clk 1:30:55]} Nc6 {[%clk 1:28:26]} 4. d4
{[%clk 1:29:22]} cxd4 {[%clk 1:24:57]} 5. Nxd4 {[%clk 1:29:30]} g6
{[%clk 1:20:50]} 6. e4 {[%clk 1:29:42]} d6 {[%clk 1:15:36]} 7. Be2
{[%clk 1:29:49]} Bg7 {[%clk 1:15:57]} 8. Be3 {[%clk 1:30:05]} O-O
{[%clk 1:15:46]} 9. O-O {[%clk 1:28:32]} Bd7 {[%clk 1:11:36]} 10. Qd2
{[%clk 1:19:39]} Nxd4 {[%clk 1:08:29]} 11. Bxd4 {[%clk 1:19:15]} Bc6
{[%clk 1:08:30]} 12. Bd3 {[%clk 1:15:31]} Nd7 {[%clk 1:00:06]} 13. Bxg7
{[%clk 1:14:02]} Kxg7 {[%clk 1:00:30]} 14. Kh1 {[%clk 1:01:07]} a6
{[%clk 0:50:49]} 15. f4 {[%clk 0:55:44]} Rb8 {[%clk 0:46:08]} 16. Rfe1
{[%clk 0:49:41]} b5 {[%clk 0:38:35]} 17. cxb5 {[%clk 0:49:31]} axb5
{[%clk 0:35:27]} 18. b4 {[%clk 0:49:10]} Qc7 {[%clk 0:29:23]} 19. Bf1
{[%clk 0:42:34]} Rfc8 {[%clk 0:24:22]} 20. Rac1 {[%clk 0:35:06]} Qb7
{[%clk 0:20:05]} 21. a4 {[%clk 0:31:34]} Nf6 {[%clk 0:14:00]} 22. e5
{[%clk 0:28:58]} dxe5 {[%clk 0:09:21]} 23. axb5 {[%clk 0:20:36]} Bd5
{[%clk 0:06:05]} 24. fxe5 {[%clk 0:14:14]} Ne4 {[%clk 0:06:19]} 25. Nxe4
{[%clk 0:09:37]} Bxe4 {[%clk 0:06:40]} 26. e6 {[%clk 0:08:48]} Rxc1
{[%clk 0:01:12]} 27. Rxc1 {[%clk 0:07:06]} f6 {[%clk 0:00:35]} 28. Qd7
{[%clk 0:03:32]} Qxd7 {[%clk 0:00:54]} 29. exd7 {[%clk 0:04:01]} Rd8
{[%clk 0:00:42]} 30. Rd1 {[%clk 0:02:33]} Kf7 {[%clk 0:00:37]} 31. b6
{[%clk 0:02:53]} Bb7 {[%clk 0:00:51]} 32. Bb5 {[%clk 0:02:55]} e6
{[%clk 0:00:43]} 33. Kg1 {[%clk 0:01:02]} Ke7 {[%clk 0:01:08]} 34. Ra1
{[%clk 0:01:15]} Rb8 {[%clk 0:00:47]} 35. Kf2 {[%clk 0:00:52]} Bd5
{[%clk 0:00:46]} 36. Rc1 {[%clk 0:00:42]} Bb7 {[%clk 0:00:34]} 37. g4
{[%clk 0:00:49]} e5 {[%clk 0:00:46]} 38. Ke3 {[%clk 0:00:52]} f5 {[%clk 0:00:44]}
39. gxf5 {[%clk 0:01:05]} gxf5 {[%clk 0:01:12]} 40. Rg1 {[%clk 0:00:48]} Kf6
{[%clk 0:01:06]} 41. Rd1 {[%clk 0:01:08]} Ke7 {[%clk 0:01:06]} 42. Rg1
{[%clk 0:01:34]} Kf6 {[%clk 0:01:33]} 43. Rd1 {[%clk 0:01:37]} Ke7
{[%clk 0:02:00]} 44. Rg1 {[%clk 0:01:40]} Kf6 {[%clk 0:02:27]} 45. Rd1
{[%clk 0:01:56]} 1/2-1/2

[Event "Kibizov Memorial 2018"]
[Site "?"]
[Date "2018.06.26"]
[Round "6.3"]
[White "Mukhina, Jana"]
[Black "Petrenko, Svetlana"]
[Result "1-0"]
[BlackElo "2188"]
[WhiteElo "2050"]
[LiveChessVersion "1.4.8"]

1. e4 {[%clk 1:30:59]} c5 {[%clk 1:30:55]} 2. Nf3 {[%clk 1:30:38]} d6
{[%clk 1:30:40]} 3. Bb5+ {[%clk 1:31:03]} Nd7 {[%clk 1:30:52]} 4. d4
{[%clk 1:31:29]} a6 {[%clk 1:30:45]} 5. Bxd7+ {[%clk 1:30:29]} Bxd7
{[%clk 1:31:02]} 6. dxc5 {[%clk 1:27:11]} Qa5+ {[%clk 1:31:14]} 7. Nc3
{[%clk 1:26:38]} Qxc5 {[%clk 1:29:25]} 8. Be3 {[%clk 1:25:40]} Qa5
{[%clk 1:29:44]} 9. Bd2 {[%clk 1:21:15]} e6 {[%clk 1:27:59]} 10. O-O
{[%clk 1:20:37]} Qc7 {[%clk 1:27:04]} 11. Bg5 {[%clk 1:15:55]} Ne7
{[%clk 1:23:43]} 12. Qd2 {[%clk 1:11:00]} f6 {[%clk 1:19:22]} 13. Be3
{[%clk 1:09:40]} Ng6 {[%clk 1:18:45]} 14. Nd4 {[%clk 1:06:51]} Ne5
{[%clk 1:18:17]} 15. Qe2 {[%clk 1:06:36]} Nc4 {[%clk 1:17:42]} 16. Bc1
{[%clk 1:06:35]} Qc5 {[%clk 1:11:37]} 17. Nb3 {[%clk 1:06:18]} Qc8
{[%clk 1:11:58]} 18. f4 {[%clk 1:03:10]} Be7 {[%clk 1:08:28]} 19. Qh5+
{[%clk 0:56:36]} g6 {[%clk 1:08:44]} 20. Qh6 {[%clk 0:55:49]} Kf7
{[%clk 1:05:49]} 21. f5 {[%clk 0:53:21]} exf5 {[%clk 1:02:40]} 22. Nd5
{[%clk 0:47:03]} Qf8 {[%clk 0:54:14]} 23. Qh4 {[%clk 0:44:35]} g5
{[%clk 0:50:34]} 24. Qh5+ {[%clk 0:42:35]} Kg7 {[%clk 0:43:49]} 25. h4
{[%clk 0:42:32]} h6 {[%clk 0:40:42]} 26. Nd4 {[%clk 0:32:42]} Qf7
{[%clk 0:25:17]} 27. Qe2 {[%clk 0:32:53]} Rac8 {[%clk 0:23:52]} 28. Rxf5
{[%clk 0:30:13]} Kg8 {[%clk 0:20:45]} 29. hxg5 {[%clk 0:24:00]} hxg5
{[%clk 0:20:43]} 30. Bxg5 {[%clk 0:20:09]} Bxf5 {[%clk 0:20:07]} 31. Nxf5
{[%clk 0:20:32]} Bd8 {[%clk 0:17:56]} 32. Nh6+ {[%clk 0:10:24]} Rxh6
{[%clk 0:18:21]} 33. Bxh6 {[%clk 0:10:51]} Qg6 {[%clk 0:18:39]} 34. Bf4
{[%clk 0:04:38]} b5 {[%clk 0:18:30]} 35. Rf1 {[%clk 0:04:38]} Ne5
{[%clk 0:16:08]} 36. Bxe5 {[%clk 0:04:01]} fxe5 {[%clk 0:10:31]} 37. Qf3
{[%clk 0:03:22]} Bh4 {[%clk 0:07:20]} 38. c3 {[%clk 0:03:03]} Re8
{[%clk 0:05:43]} 39. a3 {[%clk 0:00:43]} Kh8 {[%clk 0:01:20]} 40. Qh3
{[%clk 0:00:36]} Qg5 {[%clk 0:00:33]} 41. Rf5 {[%clk 0:00:39]} Qc1+
{[%clk 0:01:00]} 42. Kh2 {[%clk 0:00:57]} Qh6 {[%clk 0:01:03]} 43. Nf6
{[%clk 0:00:58]} Rf8 {[%clk 0:00:39]} 44. Ng4 {[%clk 0:01:14]} Rxf5
{[%clk 0:00:32]} 45. Nxh6 {[%clk 0:01:36]} 1-0

[Event "Kibizov Memorial 2018"]
[Site "?"]
[Date "2018.06.26"]
[Round "6.4"]
[White "Denikina, Natalia"]
[Black "Filippova, Darya"]
[Result "1/2-1/2"]
[BlackElo "1938"]
[WhiteElo "2161"]
[LiveChessVersion "1.4.8"]

1. e4 {[%clk 1:30:57]} c6 {[%clk 1:30:54]} 2. d4 {[%clk 1:31:23]} d5
{[%clk 1:31:18]} 3. exd5 {[%clk 1:31:48]} cxd5 {[%clk 1:31:42]} 4. Bd3
{[%clk 1:32:13]} Nc6 {[%clk 1:32:05]} 5. c3 {[%clk 1:32:36]} Nf6 {[%clk 1:29:06]}
6. Bf4 {[%clk 1:32:58]} Bg4 {[%clk 1:26:23]} 7. Qb3 {[%clk 1:32:44]} Qc8
{[%clk 1:23:48]} 8. Nd2 {[%clk 1:31:59]} e6 {[%clk 1:21:55]} 9. Ngf3
{[%clk 1:31:46]} Be7 {[%clk 1:19:00]} 10. O-O {[%clk 1:27:30]} Bh5
{[%clk 1:14:21]} 11. Rfe1 {[%clk 1:22:46]} Bg6 {[%clk 1:11:28]} 12. Bxg6
{[%clk 1:21:24]} hxg6 {[%clk 1:11:54]} 13. Ne5 {[%clk 1:20:20]} Nxe5
{[%clk 1:10:20]} 14. Bxe5 {[%clk 1:20:44]} Qd7 {[%clk 1:06:44]} 15. a4
{[%clk 1:18:03]} Rc8 {[%clk 1:05:18]} 16. Qb5 {[%clk 1:13:36]} Rc6
{[%clk 1:02:51]} 17. a5 {[%clk 1:12:33]} a6 {[%clk 1:02:52]} 18. Qd3
{[%clk 1:08:15]} Kf8 {[%clk 0:58:56]} 19. Re3 {[%clk 0:58:28]} Kg8
{[%clk 0:56:54]} 20. h3 {[%clk 0:38:57]} Kh7 {[%clk 0:53:59]} 1/2-1/2

[Event "Kibizov Memorial 2018"]
[Site "?"]
[Date "2018.06.26"]
[Round "6.5"]
[White "Eidelson, Rakhil"]
[Black "Grigorieva, Yulia"]
[Result "1-0"]
[BlackElo "2035"]
[WhiteElo "2080"]
[LiveChessVersion "1.4.8"]

1. Nf3 {[%clk 1:30:56]} Nf6 {[%clk 1:29:56]} 2. g3 {[%clk 1:31:20]} g6
{[%clk 1:30:10]} 3. Bg2 {[%clk 1:31:47]} Bg7 {[%clk 1:29:35]} 4. O-O
{[%clk 1:32:12]} d5 {[%clk 1:29:49]} 5. d3 {[%clk 1:31:39]} O-O {[%clk 1:29:39]}
6. Nbd2 {[%clk 1:32:03]} c5 {[%clk 1:26:07]} 7. e4 {[%clk 1:31:46]} Nc6
{[%clk 1:25:05]} 8. h3 {[%clk 1:29:43]} h6 {[%clk 1:21:33]} 9. Qe2
{[%clk 1:18:36]} Be6 {[%clk 1:18:27]} 10. Re1 {[%clk 1:16:30]} Rc8
{[%clk 1:16:01]} 11. Kh2 {[%clk 1:11:19]} a6 {[%clk 1:10:20]} 12. Nb3
{[%clk 1:00:56]} b6 {[%clk 1:04:38]} 13. e5 {[%clk 0:48:56]} Nd7 {[%clk 1:00:49]}
14. d4 {[%clk 0:49:22]} c4 {[%clk 0:55:25]} 15. Nbd2 {[%clk 0:49:33]} c3
{[%clk 0:50:36]} 16. bxc3 {[%clk 0:49:31]} Na5 {[%clk 0:47:11]} 17. Nf1
{[%clk 0:48:47]} Nc4 {[%clk 0:36:53]} 18. N3d2 {[%clk 0:47:56]} Nxd2
{[%clk 0:35:28]} 19. Bxd2 {[%clk 0:47:41]} b5 {[%clk 0:27:44]} 20. a4
{[%clk 0:44:25]} bxa4 {[%clk 0:23:13]} 21. Rxa4 {[%clk 0:43:21]} Nb6
{[%clk 0:23:27]} 22. Rxa6 {[%clk 0:40:43]} Nc4 {[%clk 0:22:05]} 23. Bc1
{[%clk 0:39:28]} Bd7 {[%clk 0:19:51]} 24. Ra1 {[%clk 0:36:27]} e6
{[%clk 0:17:20]} 25. h4 {[%clk 0:32:30]} Qb6 {[%clk 0:15:22]} 26. Bf4
{[%clk 0:31:39]} Qb2 {[%clk 0:12:11]} 27. Reb1 {[%clk 0:26:02]} Qxc3
{[%clk 0:12:24]} 28. Qd3 {[%clk 0:25:52]} Nxe5 {[%clk 0:06:56]} 29. dxe5
{[%clk 0:24:56]} Bxe5 {[%clk 0:06:22]} 30. Qxc3 {[%clk 0:24:40]} Bxc3
{[%clk 0:06:47]} 31. Ra7 {[%clk 0:24:54]} Bc6 {[%clk 0:06:47]} 32. Bxh6
{[%clk 0:24:35]} Rb8 {[%clk 0:06:28]} 33. Rxb8 {[%clk 0:19:55]} Rxb8
{[%clk 0:06:54]} 34. Rc7 {[%clk 0:19:22]} Rb6 {[%clk 0:07:17]} 35. Be3
{[%clk 0:18:32]} Ra6 {[%clk 0:07:21]} 36. Nd2 {[%clk 0:12:26]} Ba5
{[%clk 0:01:34]} 37. Rc8+ {[%clk 0:12:17]} Kg7 {[%clk 0:01:28]} 38. Bf1
{[%clk 0:12:26]} Bd7 {[%clk 0:00:40]} 39. Bxa6 {[%clk 0:12:19]} Bxc8
{[%clk 0:01:07]} 40. Bxc8 {[%clk 0:12:47]} d4 {[%clk 0:01:29]} 41. Bxd4+
{[%clk 0:13:06]} e5 {[%clk 0:01:51]} 42. Bxe5+ {[%clk 0:13:23]} f6
{[%clk 0:02:16]} 43. Bf4 {[%clk 0:13:43]} g5 {[%clk 0:02:42]} 44. hxg5
{[%clk 0:14:05]} fxg5 {[%clk 0:03:08]} 45. Bxg5 {[%clk 0:14:32]} Kg6
{[%clk 0:03:29]} 46. Be3 {[%clk 0:14:56]} Kh5 {[%clk 0:03:51]} 47. g4+
{[%clk 0:15:00]} Kg6 {[%clk 0:04:05]} 48. f4 {[%clk 0:15:18]} 1-0

[Event "Kibizov Memorial 2018"]
[Site "?"]
[Date "2018.06.26"]
[Round "6.6"]
[White "Smorchkov, Danil"]
[Black "Matsenko, Andrei"]
[Result "1/2-1/2"]
[BlackElo "2299"]
[WhiteElo "2216"]
[LiveChessVersion "1.4.8"]

1. d4 {[%clk 1:30:53]} Nf6 {[%clk 1:30:54]} 2. c4 {[%clk 1:30:55]} e6
{[%clk 1:31:21]} 3. Nc3 {[%clk 1:30:13]} Bb4 {[%clk 1:31:48]} 4. Qc2
{[%clk 1:30:31]} c5 {[%clk 1:32:15]} 5. dxc5 {[%clk 1:28:32]} O-O
{[%clk 1:32:28]} 6. a3 {[%clk 1:28:18]} Bxc5 {[%clk 1:32:00]} 7. Nf3
{[%clk 1:28:29]} b6 {[%clk 1:31:33]} 8. Bf4 {[%clk 1:27:56]} a6 {[%clk 1:26:48]}
9. e3 {[%clk 1:24:05]} Bb7 {[%clk 1:22:30]} 10. Rd1 {[%clk 1:22:38]} Be7
{[%clk 1:18:48]} 11. Be2 {[%clk 1:15:52]} d6 {[%clk 1:16:01]} 12. O-O
{[%clk 1:03:11]} Nh5 {[%clk 1:14:22]} 13. Be5 {[%clk 0:37:44]} Qc7
{[%clk 1:09:37]} 14. Ng5 {[%clk 0:36:01]} g6 {[%clk 1:09:04]} 15. Bxd6
{[%clk 0:33:53]} Bxd6 {[%clk 1:07:28]} 16. Bxh5 {[%clk 0:34:06]} Bxh2+
{[%clk 0:59:06]} 17. Kh1 {[%clk 0:33:45]} Be5 {[%clk 0:59:32]} 18. Bf3
{[%clk 0:31:32]} Nc6 {[%clk 0:58:48]} 19. Rd2 {[%clk 0:25:50]} Qe7
{[%clk 0:55:53]} 20. Nh3 {[%clk 0:25:46]} Rad8 {[%clk 0:47:58]} 21. Rfd1
{[%clk 0:25:16]} Rxd2 {[%clk 0:48:05]} 22. Rxd2 {[%clk 0:25:03]} Rd8
{[%clk 0:47:02]} 23. Na4 {[%clk 0:22:01]} b5 {[%clk 0:40:09]} 24. Rxd8+
{[%clk 0:15:22]} Nxd8 {[%clk 0:39:15]} 25. Bxb7 {[%clk 0:15:46]} Nxb7
{[%clk 0:39:38]} 26. Qe4 {[%clk 0:12:15]} Bf6 {[%clk 0:36:51]} 27. cxb5
{[%clk 0:12:11]} axb5 {[%clk 0:37:15]} 28. Nc3 {[%clk 0:12:36]} Qd7
{[%clk 0:36:10]} 29. Nf4 {[%clk 0:09:58]} Nd6 {[%clk 0:34:49]} 30. Qd3
{[%clk 0:08:41]} Qc6 {[%clk 0:34:26]} 31. Nfe2 {[%clk 0:08:54]} Nc4
{[%clk 0:31:07]} 32. Nd4 {[%clk 0:04:57]} Qc5 {[%clk 0:31:14]} 33. Ncxb5
{[%clk 0:02:29]} e5 {[%clk 0:26:40]} 34. b4 {[%clk 0:02:25]} Qc8 {[%clk 0:25:38]}
35. Na7 {[%clk 0:01:47]} Qg4 {[%clk 0:24:14]} 36. Nf3 {[%clk 0:00:51]} Nb2
{[%clk 0:22:20]} 37. Qd6 {[%clk 0:00:40]} Kg7 {[%clk 0:22:49]} 38. Nc6
{[%clk 0:00:57]} e4 {[%clk 0:23:07]} 39. Nfd4 {[%clk 0:00:38]} Qd1+
{[%clk 0:17:38]} 40. Kh2 {[%clk 0:01:02]} Qh5+ {[%clk 0:18:06]} 41. Kg1
{[%clk 0:01:18]} Qd1+ {[%clk 0:18:31]} 1/2-1/2

[Event "Kibizov Memorial 2018"]
[Site "?"]
[Date "2018.06.26"]
[Round "6.7"]
[White "Sitnikov, Anton"]
[Black "Vaseptsov, Maxim"]
[Result "0-1"]
[BlackElo "2256"]
[WhiteElo "2436"]
[LiveChessVersion "1.4.8"]

1. e4 {[%clk 1:22:35]} d5 {[%clk 1:29:39]} 2. exd5 {[%clk 1:22:57]} Qxd5
{[%clk 1:29:59]} 3. Nf3 {[%clk 1:23:13]} Bg4 {[%clk 1:29:04]} 4. Be2
{[%clk 1:23:19]} Nc6 {[%clk 1:29:20]} 5. h3 {[%clk 1:21:34]} Bxf3
{[%clk 1:23:17]} 6. Bxf3 {[%clk 1:21:56]} Qe6+ {[%clk 1:23:07]} 7. Qe2
{[%clk 1:19:42]} Qxe2+ {[%clk 1:19:53]} 8. Bxe2 {[%clk 1:20:05]} Nd4
{[%clk 1:20:18]} 9. Bd1 {[%clk 1:15:47]} e5 {[%clk 1:20:24]} 10. d3
{[%clk 1:15:41]} Ne7 {[%clk 1:16:42]} 11. Nd2 {[%clk 1:10:06]} Nec6
{[%clk 1:12:51]} 12. Nc4 {[%clk 1:09:13]} O-O-O {[%clk 1:11:58]} 13. O-O
{[%clk 1:07:55]} Be7 {[%clk 1:08:40]} 14. c3 {[%clk 0:36:42]} Ne6
{[%clk 1:08:04]} 15. Bf3 {[%clk 0:36:18]} Bf6 {[%clk 1:06:40]} 16. Rd1
{[%clk 0:36:13]} Nc5 {[%clk 1:05:00]} 17. Be3 {[%clk 0:24:08]} Nxd3
{[%clk 1:02:06]} 18. g3 {[%clk 0:22:37]} b5 {[%clk 0:46:10]} 19. Bxc6
{[%clk 0:07:24]} bxc4 {[%clk 0:46:32]} 20. Bb5 {[%clk 0:07:37]} c6
{[%clk 0:35:51]} 21. Bxc4 {[%clk 0:07:41]} Nxb2 {[%clk 0:36:14]} 22. Ba6+
{[%clk 0:07:58]} Kc7 {[%clk 0:36:39]} 23. Rdb1 {[%clk 0:08:22]} Rb8
{[%clk 0:36:55]} 24. a4 {[%clk 0:07:19]} Rhd8 {[%clk 0:30:28]} 25. a5
{[%clk 0:07:31]} e4 {[%clk 0:26:35]} 26. Bxa7 {[%clk 0:01:07]} Bxc3
{[%clk 0:25:47]} 27. Ra3 {[%clk 0:00:32]} Bd4 {[%clk 0:21:58]} 28. Bxb8+
{[%clk 0:00:57]} Rxb8 {[%clk 0:22:26]} 29. Be2 {[%clk 0:01:02]} Rb4
{[%clk 0:21:00]} 30. Kg2 {[%clk 0:00:35]} f5 {[%clk 0:20:46]} 31. f3
{[%clk 0:00:45]} e3 {[%clk 0:20:03]} 32. f4 {[%clk 0:01:12]} Kb8 {[%clk 0:20:12]}
33. g4 {[%clk 0:00:54]} Ka7 {[%clk 0:19:19]} 34. gxf5 {[%clk 0:01:13]} c5
{[%clk 0:19:29]} 35. Rc1 {[%clk 0:00:42]} Na4 {[%clk 0:19:29]} 36. Rc4
{[%clk 0:00:39]} Rxc4 {[%clk 0:13:13]} 37. Bxc4 {[%clk 0:01:07]} Nc3
{[%clk 0:13:36]} 38. Ra1 {[%clk 0:00:35]} Ne4 {[%clk 0:11:36]} 39. Rc1
{[%clk 0:00:39]} Nd2 {[%clk 0:11:47]} 40. Bd5 {[%clk 0:00:33]} Ka6
{[%clk 0:11:39]} 41. Bf3 {[%clk 0:00:42]} Kxa5 {[%clk 0:11:28]} 42. Be2
{[%clk 0:01:04]} Kb4 {[%clk 0:11:51]} 43. Rc2 {[%clk 0:01:15]} Kb3
{[%clk 0:11:31]} 44. Bd1 {[%clk 0:01:40]} Ka3 {[%clk 0:11:00]} 45. Be2
{[%clk 0:02:04]} h6 {[%clk 0:10:11]} 46. h4 {[%clk 0:02:04]} Kb4 {[%clk 0:01:43]}
47. Ra2 {[%clk 0:02:31]} c4 {[%clk 0:01:34]} 48. Ra8 {[%clk 0:02:59]} c3
{[%clk 0:00:51]} 49. Rb8+ {[%clk 0:03:23]} Kc5 {[%clk 0:00:54]} 50. Rc8+
{[%clk 0:03:19]} Kd6 {[%clk 0:00:37]} 51. Bd3 {[%clk 0:00:53]} Kd7
{[%clk 0:01:06]} 52. Ra8 {[%clk 0:00:34]} Bc5 {[%clk 0:02:30]} 53. Ra2
{[%clk 0:00:32]} Kc6 {[%clk 0:01:50]} 54. Kh3 {[%clk 0:00:35]} Nb3
{[%clk 0:00:40]} 55. Rc2 {[%clk 0:00:39]} Bb4 {[%clk 0:00:34]} 56. Kg3
{[%clk 0:00:36]} Kd5 {[%clk 0:00:55]} 57. Kf3 {[%clk 0:00:45]} Kd4
{[%clk 0:00:42]} 58. f6 {[%clk 0:00:37]} gxf6 {[%clk 0:01:06]} 59. Bh7
{[%clk 0:00:44]} Na5 {[%clk 0:00:34]} 60. Rg2 {[%clk 0:01:03]} Nc4
{[%clk 0:00:52]} 61. Ke2 {[%clk 0:00:36]} Na3 {[%clk 0:00:38]} 62. Kd1
{[%clk 0:00:48]} Nc4 {[%clk 0:00:35]} 63. Bc2 {[%clk 0:00:32]} Nb6
{[%clk 0:00:34]} 64. Rg6 {[%clk 0:00:34]} Nd5 {[%clk 0:00:54]} 65. Rxh6
{[%clk 0:00:45]} f5 {[%clk 0:00:38]} 66. Bxf5 {[%clk 0:00:33]} c2+
{[%clk 0:00:42]} 67. Kxc2 {[%clk 0:00:37]} e2 {[%clk 0:01:09]} 0-1

[Event "Kibizov Memorial 2018"]
[Site "?"]
[Date "2018.06.26"]
[Round "6.8"]
[White "Tologontegin, Semetey"]
[Black "Yumakhuzhin, Vadim"]
[Result "0-1"]
[BlackElo "2221"]
[WhiteElo "2398"]
[LiveChessVersion "1.4.8"]

1. d4 {[%clk 1:28:33]} Nf6 {[%clk 1:30:52]} 2. c4 {[%clk 1:28:48]} g6
{[%clk 1:31:11]} 3. Nc3 {[%clk 1:29:15]} Bg7 {[%clk 1:31:36]} 4. e4
{[%clk 1:29:38]} d6 {[%clk 1:32:01]} 5. h3 {[%clk 1:29:56]} O-O {[%clk 1:32:15]}
6. Be3 {[%clk 1:30:19]} e5 {[%clk 1:32:10]} 7. d5 {[%clk 1:30:33]} a5
{[%clk 1:32:07]} 8. g4 {[%clk 1:29:13]} Na6 {[%clk 1:32:32]} 9. Nge2
{[%clk 1:29:25]} c6 {[%clk 1:23:39]} 10. Ng3 {[%clk 1:24:56]} cxd5
{[%clk 1:21:07]} 11. cxd5 {[%clk 1:23:50]} Bd7 {[%clk 1:20:22]} 12. g5
{[%clk 0:53:39]} Ne8 {[%clk 1:20:26]} 13. h4 {[%clk 0:54:01]} f5 {[%clk 1:20:05]}
14. gxf6 {[%clk 0:53:01]} Nxf6 {[%clk 1:15:30]} 15. f3 {[%clk 0:46:59]} h5
{[%clk 1:11:18]} 16. Qd2 {[%clk 0:46:54]} Kh7 {[%clk 1:10:40]} 17. O-O-O
{[%clk 0:39:42]} a4 {[%clk 1:08:11]} 18. Kb1 {[%clk 0:38:14]} Qe8
{[%clk 1:00:27]} 19. Rc1 {[%clk 0:31:41]} b5 {[%clk 0:59:04]} 20. Be2
{[%clk 0:31:39]} Qb8 {[%clk 0:55:27]} 21. Rhg1 {[%clk 0:24:39]} Rc8
{[%clk 0:53:44]} 22. Bd1 {[%clk 0:24:11]} a3 {[%clk 0:51:13]} 23. b3
{[%clk 0:24:11]} b4 {[%clk 0:51:13]} 24. Nce2 {[%clk 0:24:11]} Rxc1+
{[%clk 0:51:13]} 25. Nxc1 {[%clk 0:24:11]} Qc8 {[%clk 0:42:50]} 26. Be2
{[%clk 0:22:57]} Nc7 {[%clk 0:34:16]} 27. Bc4 {[%clk 0:17:33]} Rb8
{[%clk 0:33:34]} 28. Nd3 {[%clk 0:15:59]} Bb5 {[%clk 0:24:51]} 29. Rc1
{[%clk 0:12:02]} Qh3 {[%clk 0:24:57]} 30. Qf2 {[%clk 0:12:15]} Rf8
{[%clk 0:18:01]} 31. Qg1 {[%clk 0:07:22]} Kh8 {[%clk 0:04:50]} 32. Nf2
{[%clk 0:07:03]} Qd7 {[%clk 0:04:13]} 33. Ne2 {[%clk 0:07:07]} Ncxd5
{[%clk 0:02:02]} 34. exd5 {[%clk 0:07:21]} Qf5+ {[%clk 0:02:22]} 35. Rc2
{[%clk 0:02:58]} Bxc4 {[%clk 0:02:31]} 36. bxc4 {[%clk 0:03:25]} b3
{[%clk 0:02:48]} 37. axb3 {[%clk 0:03:52]} a2+ {[%clk 0:03:14]} 38. Kb2
{[%clk 0:04:19]} Ra8 {[%clk 0:03:14]} 39. Rc1 {[%clk 0:04:00]} Qxf3
{[%clk 0:03:36]} 40. Nc3 {[%clk 0:02:09]} Qxe3 {[%clk 0:03:57]} 41. Nfe4
{[%clk 0:02:10]} Qf4 {[%clk 0:03:08]} 42. Nxf6 {[%clk 0:00:40]} a1=Q+
{[%clk 0:02:59]} 43. Rxa1 {[%clk 0:01:00]} Qd2+ {[%clk 0:03:21]} 44. Kb1
{[%clk 0:01:28]} Rxa1+ {[%clk 0:03:39]} 45. Kxa1 {[%clk 0:01:55]} Qxc3+
{[%clk 0:04:04]} 46. Ka2 {[%clk 0:02:23]} Qc2+ {[%clk 0:04:20]} 47. Ka3
{[%clk 0:01:57]} Bxf6 {[%clk 0:04:44]} 48. Qb6 {[%clk 0:01:51]} Qf5
{[%clk 0:01:25]} 49. Qxd6 {[%clk 0:01:56]} e4 {[%clk 0:01:47]} 50. Qf8+
{[%clk 0:01:30]} Kh7 {[%clk 0:02:09]} 51. Qf7+ {[%clk 0:01:41]} Bg7
{[%clk 0:02:22]} 52. Qe7 {[%clk 0:02:08]} Qe5 {[%clk 0:01:49]} 53. Qxe5
{[%clk 0:00:32]} Bxe5 {[%clk 0:02:14]} 54. c5 {[%clk 0:01:00]} e3
{[%clk 0:02:35]} 55. d6 {[%clk 0:01:27]} e2 {[%clk 0:03:00]} 56. d7
{[%clk 0:01:55]} Bc7 {[%clk 0:03:15]} 0-1